[Event "UKR-ch 90th"]
[Site "Kharkov"]
[Date "2021.12.13"]
[Round "5"]
[White "Kuzubov, Yuriy"]
[Black "Bakhmatsky, Vladislav"]
[Result "1/2-1/2"]
[WhiteElo "2652"]
[BlackElo "2432"]
[PlyCount "141"]
[EventDate "2021.12.08"]
[EventType "tourn"]
[EventRounds "9"]
[EventCountry "UKR"]
[EventCategory "14"]
[SourceTitle "CBM 206"]
[Source "ChessBase"]
[SourceDate "2022.02.28"]
[SourceVersion "1"]
[SourceVersionDate "2022.02.28"]
[SourceQuality "1"]

1. c4 e6 2. d4 Nf6 3. Nf3 d5 4. Nc3 Be7 5. Bg5 h6 6. Bxf6 Bxf6 7. Qb3 dxc4 8. Qxc4 b6 9. g3 0-0 10. Bg2 Bb7 11. 0-0 Qe7 12. Rfd1 c5 13. d5 exd5 14. Nxd5 Bxd5 15. Qxd5 Na6 16. Qc4 Nc7 17. Nh4 b5 18. Qg4 Rae8 19. Rd7 Qe5 20. Nf5 g6 21. Ne3 Rd8 22. Rad1 Rxd7 23. Rxd7 Rd8 24. Rxd8+ Bxd8 25. Qd7 Qe7 26. Qc8 Qd6 27. h4 h5 28. b3 Kg7 29. Qb7 Qb6 30. Qxb6 axb6 31. Bc6 Kf6 32. Nc2 b4 33. Kf1 Ke5 34. e3 Kd6 35. Be4 Bf6 36. Bd3 b5 37. e4 Bc3 38. f4 Kc6 39. e5 Ne6 40. Be4+ Kd7 41. Ne3 Nc7 42. Ke2 Bd4 43. Nc2 Ne6 44. Bd5 Ke7 45. Bb7 Bg1 46. Kf1 Bd4 47. Bc6 Bc3 48. Ne3 Nd4 49. Bd5 Bd2 50. Nd1 Nf5 51. Kf2 Bc3 52. Kf3 Be1 53. Be4 Nxg3 54. Bd3 Nf5 55. Ne3 Nd4+ 56. Ke4 Bxh4 57. Nd5+ Kd7 58. Nxb4 Be1 59. Nd5 h4 60. Bf1 Bf2 61. Nf6+ Ke7 62. Nd5+ Kd7 63. Nf6+ Kd8 64. Nh7 Ke7 65. Ng5 Be1 66. Nf3 Nxf3 67. Kxf3 b4 68. Kg4 f6 69. exf6+ Kxf6 70. Bd3 Bd2 71. Kxh4 1/2-1/2

[Event "UKR-ch 90th"]
[Site "Kharkov"]
[Date "2021.12.10"]
[Round "3"]
[White "Kryvoruchko, Yuriy"]
[Black "Bakhmatsky, Vladislav"]
[Result "1-0"]
[WhiteElo "2685"]
[BlackElo "2432"]
[PlyCount "159"]
[EventDate "2021.12.08"]
[EventType "tourn"]
[EventRounds "9"]
[EventCountry "UKR"]
[EventCategory "14"]
[SourceTitle "CBM 206"]
[Source "ChessBase"]
[SourceDate "2022.02.28"]
[SourceVersion "1"]
[SourceVersionDate "2022.02.28"]
[SourceQuality "1"]

1. e4 e5 2. Nf3 Nf6 3. Nxe5 d6 4. Nf3 Nxe4 5. d4 d5 6. Bd3 Bd6 7. 0-0 0-0 8. c4 c6 9. Nc3 Nxc3 10. bxc3 dxc4 11. Bxc4 Bf5 12. Bg5 Qa5 13. Nh4 Be6 14. Bxe6 Qxg5 15. Nf3 Qa5 16. Bb3 Nd7 17. Qd3 Rad8 18. g3 Be7 19. Rae1 Bf6 20. Qe3 c5 21. h4 Nb6 22. dxc5 Nd5 23. Qe4 Qxc5 24. Ng5 g6 25. Nxf7 Rxf7 26. Rd1 Kg7 27. Rxd5 Rxd5 28. Qxd5 Qxd5 29. Bxd5 Re7 30. Rc1 Re2 31. Bb3 Rd2 32. Re1 Rd3 33. Re8 Rxc3 34. Rg8+ Kh6 35. Rf8 Bd4 36. Kg2 Rc7 37. g4 Kg7 38. Rg8+ Kf6 39. f4 h5 40. Rd8 Bb6 41. Rd6+ Kg7 42. g5 Re7 43. Rd3 Kf8 44. Kf3 Re1 45. Bd5 Rf1+ 46. Kg3 Rg1+ 47. Bg2 Re1 48. Rd6 Re3+ 49. Bf3 Kf7 50. Kg2 Bc7 51. Rf6+ Kg7 52. Bxb7 Re2+ 53. Kf3 Rxa2 54. Be4 Ra3+ 55. Ke2 Ra4 56. Kd3 Kh8 57. Rf7 Bd6 58. Rf6 Bc7 59. Rxg6 Bxf4 60. Rh6+ Kg8 61. Rxh5 Ra3+ 62. Kc2 Rh3 63. g6 Re3 64. Bd3 Re5 65. Rh7 Rc5+ 66. Kb3 Rc7 67. Bc4+ Kf8 68. Rh5 Kg7 69. Bd3 Bg3 70. Be4 Re7 71. Bf5 Rc7 72. Bd3 Kg8 73. Bc4+ Kg7 74. Bf7 Kf8 75. Rg5 Rxf7 76. gxf7 Bxh4 77. Rf5 a5 78. Kc4 Be7 79. Kd5 a4 80. Ke6 1-0

[Event "UKR-ch sf"]
[Site "Omelnyk"]
[Date "2021.09.27"]
[Round "6"]
[White "Bakhmatsky, Vladislav"]
[Black "Sergeev, Vladimir"]
[Result "1/2-1/2"]
[WhiteElo "2419"]
[BlackElo "2350"]
[PlyCount "36"]
[EventDate "2021.09.22"]
[EventType "swiss"]
[EventRounds "9"]
[EventCountry "UKR"]
[SourceTitle "CBM 204 Extra"]
[Source "ChessBase"]
[SourceDate "2021.11.30"]
[SourceVersion "1"]
[SourceVersionDate "2021.11.30"]
[SourceQuality "1"]

1. e4 Nf6 2. e5 Nd5 3. d4 c6 4. Nf3 d6 5. Be2 dxe5 6. Nxe5 Bf5 7. 0-0 Nd7 8. Nf3 e6 9. c4 N5f6 10. Nc3 Bd6 11. Nh4 Bg6 12. g3 0-0 13. Nxg6 hxg6 14. a3 a6 15. Be3 Re8 16. Qc2 Rc8 17. Rfd1 b5 18. b3 Qc7 1/2-1/2

[Event "UKR-ch sf"]
[Site "Omelnyk"]
[Date "2021.09.26"]
[Round "5"]
[White "Vysochin, Spartak"]
[Black "Bakhmatsky, Vladislav"]
[Result "1/2-1/2"]
[WhiteElo "2494"]
[BlackElo "2419"]
[PlyCount "24"]
[EventDate "2021.09.22"]
[EventType "swiss"]
[EventRounds "9"]
[EventCountry "UKR"]
[SourceTitle "CBM 204 Extra"]
[Source "ChessBase"]
[SourceDate "2021.11.30"]
[SourceVersion "1"]
[SourceVersionDate "2021.11.30"]
[SourceQuality "1"]

1. e4 c5 2. Nf3 d6 3. Bb5+ Nd7 4. Ba4 Ngf6 5. 0-0 e6 6. d3 Be7 7. c4 0-0 8. Nc3 Qc7 9. h3 a6 10. Bf4 Ne5 11. a3 Bd7 12. Bxd7 Nfxd7 1/2-1/2

[Event "UKR-ch sf"]
[Site "Omelnyk"]
[Date "2021.09.23"]
[Round "2"]
[White "Bakhmatsky, Vladislav"]
[Black "Hulka, Valentyn"]
[Result "1-0"]
[WhiteElo "2419"]
[BlackElo "2187"]
[PlyCount "109"]
[EventDate "2021.09.22"]
[EventType "swiss"]
[EventRounds "9"]
[EventCountry "UKR"]
[SourceTitle "CBM 204 Extra"]
[Source "ChessBase"]
[SourceDate "2021.11.30"]
[SourceVersion "1"]
[SourceVersionDate "2021.11.30"]
[SourceQuality "1"]

1. e4 c5 2. Nf3 d6 3. d4 cxd4 4. Nxd4 Nf6 5. Nc3 a6 6. Be2 e5 7. Nb3 Be7 8. 0-0 0-0 9. Qd3 Be6 10. Bd2 Nbd7 11. Nd5 Nxd5 12. exd5 e4 13. Qxe4 Nf6 14. Qd4 Bxd5 15. Bd3 Be6 16. Bc3 Qd7 17. Rfe1 Rfe8 18. Re3 Bf5 19. Rd1 Bg6 20. Bxg6 hxg6 21. Rf3 Rac8 22. h3 b5 23. Qd3 Qc6 24. Rf4 Nd7 25. Na5 Qc7 26. Qd5 Nf6 27. Qd4 Qc5 28. Nb3 Qxd4 29. Rfxd4 Nd7 30. Re4 Nb6 31. Bd4 Nc4 32. Rde1 Kf8 33. Nc1 d5 34. R4e2 Nd6 35. Nd3 Nf5 36. Bc3 g5 37. Re5 d4 38. Bb4 g6 39. g4 Bxb4 40. Rxe8+ Rxe8 41. Rxe8+ Kxe8 42. gxf5 Bd6 43. fxg6 f5 44. f4 gxf4 45. Kg2 Kf8 46. Kf3 Kg7 47. Nxf4 Bxf4 48. Kxf4 Kxg6 49. h4 a5 50. h5+ Kxh5 51. Kxf5 a4 52. Ke4 b4 53. Kxd4 b3 54. cxb3 axb3 55. a4 1-0

[Event "UKR-ch sf"]
[Site "Omelnyk"]
[Date "2021.09.22"]
[Round "1"]
[White "Kovalskyi, Roman"]
[Black "Bakhmatsky, Vladislav"]
[Result "0-1"]
[WhiteElo "1815"]
[BlackElo "2419"]
[PlyCount "80"]
[EventDate "2021.09.22"]
[EventType "swiss"]
[EventRounds "9"]
[EventCountry "UKR"]
[SourceTitle "CBM 204 Extra"]
[Source "ChessBase"]
[SourceDate "2021.11.30"]
[SourceVersion "1"]
[SourceVersionDate "2021.11.30"]
[SourceQuality "1"]

1. e4 c5 2. d4 cxd4 3. c3 dxc3 4. Nxc3 e6 5. Bc4 a6 6. Nf3 b5 7. Bb3 Bb7 8. Qe2 Ne7 9. Bg5 h6 10. Be3 Ng6 11. 0-0 Be7 12. Rfd1 0-0 13. Rd2 Nc6 14. Rad1 Qb8 15. Rxd7 Na5 16. Bc2 Nc4 17. b3 Nxe3 18. Qxe3 Bc6 19. R7d2 Rc8 20. Re2 Bb4 21. g3 Ra7 22. Nb1 Rac7 23. a3 Be7 24. h4 Ba8 25. Qd3 Rd8 26. Qe3 Rxd1+ 27. Bxd1 Bc5 28. Qd3 Rc8 29. Kg2 Rd8 30. Qc2 Bb6 31. Nc3 Ne5 32. Rd2 Rc8 33. Qb2 Ba5 34. b4 Nc4 35. Qa2 Nxd2 36. Qxd2 Bb6 37. Bb3 Qc7 38. Qa2 Qxc3 39. Bxe6 Rc7 40. Ne5 Qxe5 0-1

[Event "Kiev Shystariov Blitz"]
[Site "Kiev"]
[Date "2021.08.29"]
[Round "1"]
[White "Hryshchenko, Kamila"]
[Black "Bakhmatsky, Vladislav"]
[Result "0-1"]
[WhiteElo "2006"]
[BlackElo "2419"]
[PlyCount "70"]
[EventDate "2021.08.29"]
[EventType "swiss (blitz)"]
[EventRounds "11"]
[EventCountry "UKR"]
[SourceTitle "CBM 204 Extra"]
[Source "ChessBase"]
[SourceDate "2021.11.30"]
[SourceVersion "1"]
[SourceVersionDate "2021.11.30"]
[SourceQuality "1"]

1. e4 c5 2. Nf3 d6 3. d3 Nc6 4. c3 Nf6 5. Nbd2 g6 6. Be2 Bg7 7. 0-0 0-0 8. h3 e5 9. a4 d5 10. Re1 d4 11. Nc4 Ne8 12. Qc2 Nd6 13. Nxd6 Qxd6 14. Nd2 Be6 15. a5 Rad8 16. Nf1 f5 17. Bg5 Rd7 18. Red1 h6 19. Bc1 fxe4 20. dxe4 c4 21. Qa4 Qc5 22. b4 cxb3 23. Ba3 Qxc3 24. Bxf8 Bxf8 25. Bb5 b2 26. Rab1 Bb3 27. Rd3 Bxa4 28. Rxc3 Bxb5 29. Rb3 a6 30. R3xb2 Nxa5 31. Nd2 d3 32. Ra2 Nc4 33. Nb3 d2 34. Rd1 Bb4 35. g3 a5 0-1

[Event "Mariupol CC 50th Aniversary"]
[Site "Mariupol"]
[Date "2021.06.12"]
[Round "7"]
[White "Bakhmatsky, Vladislav"]
[Black "Bondar, Dmytro"]
[Result "1-0"]
[WhiteElo "2420"]
[BlackElo "2274"]
[PlyCount "157"]
[EventDate "2021.06.08"]
[EventType "swiss"]
[EventRounds "9"]
[EventCountry "UKR"]
[SourceTitle "CBM 203 Extra"]
[Source "ChessBase"]
[SourceDate "2021.09.30"]
[SourceVersion "1"]
[SourceVersionDate "2021.09.30"]
[SourceQuality "1"]

1. Nf3 c5 2. c4 Nc6 3. Nc3 g6 4. e3 Bg7 5. d4 d6 6. d5 Ne5 7. Nxe5 Bxe5 8. Bd3 e6 9. 0-0 Ne7 10. f4 Bg7 11. e4 0-0 12. Re1 a6 13. a4 Kh8 14. Qf3 Qc7 15. g4 exd5 16. exd5 f5 17. g5 Ng8 18. Bd2 Bd7 19. Kh1 Rae8 20. Rg1 b5 21. axb5 axb5 22. Nxb5 Bxb5 23. cxb5 Bxb2 24. Ra6 Ne7 25. Rb1 Bd4 26. Bc4 Ra8 27. Bc3 h5 28. Qd3 Bxc3 29. Qxc3+ Kh7 30. Rba1 Rxa6 31. bxa6 Nc8 32. Rb1 Nb6 33. Qa5 Qe7 34. Re1 Qa7 35. Qc3 Qd7 36. Bb5 Qf7 37. Bc6 Nxd5 38. Qc4 Nb4 39. Qxf7+ Rxf7 40. Bb7 Nxa6 41. Bxa6 d5 42. Rd1 Ra7 43. Bb5 Ra5 44. Bc6 d4 45. Bd5 Rb5 46. Rc1 d3 47. Rd1 Rb4 48. Rxd3 Rxf4 49. Bf3 Kg7 50. Kg2 Rb4 51. Rd7+ Kf8 52. Rc7 Rc4 53. h3 Rc2+ 54. Kg3 Rc3 55. h4 Rc4 56. Rf7+ Kg8 57. Bd5 Rg4+ 58. Kh3 Kh8 59. Rc7 f4 60. Rxc5 Rg3+ 61. Kh2 Rg4 62. Bf3 Rxh4+ 63. Kg2 Kg7 64. Re5 Kf8 65. Re6 Kg7 66. Re7+ Kf8 67. Re4 Kg7 68. Re1 Kf7 69. Re2 Kg7 70. Re6 Kf7 71. Re1 Kg7 72. Rh1 Rxh1 73. Kxh1 Kf7 74. Kg2 Ke6 75. Be4 Kf7 76. Kf3 Kg7 77. Kxf4 Kf7 78. Ke5 Kg7 79. Ke6 1-0

[Event "Mariupol CC 50th Aniversary"]
[Site "Mariupol"]
[Date "2021.06.12"]
[Round "8"]
[White "Golovanj, Andrej"]
[Black "Bakhmatsky, Vladislav"]
[Result "1/2-1/2"]
[WhiteElo "2298"]
[BlackElo "2420"]
[PlyCount "231"]
[EventDate "2021.06.08"]
[EventType "swiss"]
[EventRounds "9"]
[EventCountry "UKR"]
[SourceTitle "CBM 203 Extra"]
[Source "ChessBase"]
[SourceDate "2021.09.30"]
[SourceVersion "1"]
[SourceVersionDate "2021.09.30"]
[SourceQuality "1"]

1. d4 Nf6 2. c4 g6 3. Nc3 d5 4. Nf3 Bg7 5. Bg5 Ne4 6. cxd5 Nxg5 7. Nxg5 e6 8. Nf3 exd5 9. e3 a5 10. Rc1 0-0 11. Be2 c6 12. 0-0 Qd6 13. Na4 Nd7 14. Qb3 Qb4 15. Qc2 Nb6 16. Nc5 Bf5 17. a3 Bxc2 18. axb4 Bf5 19. bxa5 Rxa5 20. Nxb7 Ra2 21. Rxc6 Rxb2 22. Re1 Ra8 23. Nc5 Raa2 24. Bd3 Bg4 25. Bf1 Bf5 26. Nd3 Bxd3 27. Bxd3 Rxf2 28. Rxb6 Rxg2+ 29. Kh1 Bh6 30. Rb5 Rgf2 31. Rf1 Bxe3 32. Rxd5 Bf4 33. Rxf2 Rxf2 34. Be4 f5 35. Rd8+ Kg7 36. Bd5 g5 37. h3 Re2 38. Rd7+ Kg6 39. Bf7+ Kh6 40. Bg8 g4 41. Rxh7+ Kg6 42. hxg4 fxg4 43. Nh4+ Kg5 44. Ng2 Rd2 45. Kg1 Rxd4 46. Nxf4 Kxf4 47. Rc7 Rd1+ 48. Kg2 Rd2+ 49. Kf1 g3 50. Rc4+ Kf3 51. Rc3+ Kf4 52. Bb3 Rf2+ 53. Kg1 Rd2 54. Rc1 Kf3 55. Rf1+ Rf2 56. Bd5+ Kf4 57. Rd1 Rb2 58. Bg2 Rb4 59. Re1 Ra4 60. Re8 Ra1+ 61. Bf1 Ra2 62. Be2 Ra5 63. Kg2 Re5 64. Rf8+ Kg5 65. Bf3 Re3 66. Rg8+ Kf5 67. Kxg3 Ra3 68. Rh8 Ke5 69. Rh5+ Kd6 70. Rb5 Ke6 71. Kf4 Ra1 72. Bd5+ Kd6 73. Ke4 Re1+ 74. Kf4 Ra1 75. Bf3 Rc1 76. Rd5+ Ke6 77. Rd3 Kf6 78. Rd6+ Ke7 79. Ra6 Kd7 80. Ke3 Ke7 81. Be4 Re1+ 82. Kd4 Rd1+ 83. Ke5 Re1 84. Ra7+ Ke8 85. Kd4 Kf8 86. Kd5 Re2 87. Bf5 Re7 88. Ra2 Re1 89. Kd6 Kg7 90. Rf2 Ra1 91. Be6 Kg6 92. Bc4 Kg5 93. Ke5 Ra5+ 94. Bd5 Rb5 95. Rf5+ Kg4 96. Rf2 Kg5 97. Rg2+ Kh5 98. Rg1 Ra5 99. Ke4 Kh6 100. Rg3 Rb5 101. Rg8 Ra5 102. Be6 Rg5 103. Rd8 Ra5 104. Kf4 Kg7 105. Bd5 Kf6 106. Rd6+ Ke7 107. Ke5 Ra1 108. Rh6 Re1+ 109. Be4 Re2 110. Rh1 Kf7 111. Rh6 Ke7 112. Re6+ Kd7 113. Rd6+ Ke7 114. Rd3 Re1 115. Kf5 Rf1+ 116. Bf3 1/2-1/2

[Event "Mariupol CC 50th Aniversary"]
[Site "Mariupol"]
[Date "2021.06.08"]
[Round "1"]
[White "Bakhmatsky, Vladislav"]
[Black "Feshchenko, Bogdan"]
[Result "1-0"]
[WhiteElo "2420"]
[BlackElo "1889"]
[PlyCount "79"]
[EventDate "2021.06.08"]
[EventType "swiss"]
[EventRounds "9"]
[EventCountry "UKR"]
[SourceTitle "CBM 203 Extra"]
[Source "ChessBase"]
[SourceDate "2021.09.30"]
[SourceVersion "1"]
[SourceVersionDate "2021.09.30"]
[SourceQuality "1"]

1. e4 e6 2. d4 d5 3. Nd2 Nc6 4. Ngf3 Nf6 5. e5 Nd7 6. c4 dxc4 7. Nxc4 Be7 8. a3 0-0 9. Bd3 b5 10. Ne3 Ba6 11. Qc2 Nxd4 12. Nxd4 Nxe5 13. Bxb5 Bxb5 14. Nxb5 Nd3+ 15. Ke2 Nf4+ 16. Kf1 Rb8 17. Nc3 Bf6 18. g3 Nd3 19. Ke2 Ne5 20. Rd1 Qc8 21. f4 Qa6+ 22. Kf2 Ng6 23. Ne4 Be7 24. Nc5 Bxc5 25. Qxc5 Rfd8 26. Rxd8+ Rxd8 27. Qxc7 Rc8 28. Qd7 h5 29. Bd2 Nf8 30. Qd4 Nh7 31. Rc1 Nf6 32. Rxc8+ Qxc8 33. Bc3 Qa8 34. Ke2 Qh1 35. Qd8+ Kh7 36. Bxf6 Qxh2+ 37. Kd3 gxf6 38. Qxf6 Qxg3 39. Qxf7+ Kh8 40. Qxh5+ 1-0